Učíme sa čítať metodické poznámky k elementárnemu čítaniu

Bibliographic Details
Main Authors: Štefeková, Kamila (Author), Culková, Romana (Author)
Other Authors: Wagnerová, Alena, 1959- (Illustrator)
Format: Book
Language:Slovak
PhysicalDescription:40 s. ilustr. 30 cm
Published: Bratislava Orbis Pictus Istropolitana 2012
ISBN:9788081201356
Subjects:

MARC

LEADER 00000nam a2200000 a 4500
001 vtls010466516
003 SK-MaSNL
005 20260301214350.0
008 240318s2012 xo a fr 000 0 slo
015 |a SNBA2013 
020 |a 9788081201356  |q (brož.) 
035 |a C221279E-6E25-4B44-BC17-5C550A52D8F7 
035 |a urn:nbn:sk:snk-amjyd5 
035 |a urn:nbn:sk:snk-am0084x1 
040 |a SNK  |b slo  |c SNK  |e AACR2 
041 0 |a slo 
044 |a xo  |c SK 
072 7 |a 373.2/.3  |x Predškolská a primárna výchova a vzdelávanie  |2 konspekt 
072 7 |a 37.016  |x Učebné osnovy. Vyučovacie predmety. Učebnice  |2 konspekt 
080 |a 37.016:028-028.31  |2 2001 
080 |a 371.382  |2 2001 
080 |a (076.1)  |2 2001 
080 |a (072)  |2 2001 
100 1 |a Štefeková, Kamila  |4 aut  |9 47240 
245 1 0 |a Učíme sa čítať  |b metodické poznámky k elementárnemu čítaniu  |c Kamila Štefeková, Romana Culková ; [ilustrácie na obálke Alena Wagnerová ; heslár Mária Matulčíková] 
260 |a Bratislava  |b Orbis Pictus Istropolitana  |c 2012 
300 |a 40 s.  |b ilustr.  |c 30 cm 
500 |a Obsahuje heslár 
650 0 7 |a čítanie  |2 SNKPH  |9 1654 
650 0 7 |a didaktické hry  |2 SNKPH  |9 63297 
650 0 7 |a Reading  |2 SNKPHeng  |9 276976 
650 0 7 |a Educational games  |2 SNKPHeng  |9 316883 
655 7 |a pracovné zošity  |2 SNKPH  |9 70188 
655 7 |a metodické príručky  |2 SNKPH  |9 70250 
655 7 |a Activity books  |2 SNKPHeng  |9 302885 
655 7 |a Methodological manuals  |2 SNKPHeng  |9 270866 
700 1 |a Culková, Romana  |4 aut  |9 65779 
700 1 |a Wagnerová, Alena,  |d 1959-  |4 ill  |9 103046 
700 1 |a Matulčíková, Mária,  |d 1956-  |4 oth  |9 194642 
852 |a Štátna vedecká knižnica v Banskej Bystrici 
919 |a 978-80-8120-135-6 
999 |c 924538  |d 926468 
952 |a SNK  |b SNK  |y VYP  |7 0  |p 17A1057110  |o snkSB 84332 D1  |i snk2013/743  |8 0  |0 0  |1 0  |4 0  |d 2013-01-10  |l 0  |r 2016-06-30 00:00:00  |w 2026-02-24 
952 |a SNK  |b SNK  |y PREZ  |7 0  |p 17A1057111  |o snkSB 84332  |i snk2013/742  |8 0  |0 0  |1 0  |4 0  |d 2013-01-10  |f 1  |l 0  |r 2025-05-06 00:00:00  |w 2026-02-24